000 00663nam a2200193Ia 4500
003 GCL
008 140319s9999 xx 000 0 ara d
040 _aGCL /
_cGCL
082 0 4 _a330.9
_bم ا
100 1 _aمحمد محروس اسماعيل
245 1 0 _aاقتصاديات الصناعة والتصنيع مع اهتمام خاص بدراسات الجدوى الاقتصادية /
_cمحمد محروس اسماعيل
260 _a[S.N] :
_bمؤسسة شباب الجامعة ،
_c1992
300 _a508 ص
490 _a
650 0 4 _aالاقتصاد
650 0 4 _aالتخطيط الاقتصادى
650 0 4 _aالصناعات
942 _2ddc
_cBK
999 _c32480
_d32480